MARC

LEADER 00000nam0a2200000 4500
001 141215
005 20231031142352.0
010 |a 3540257241 
035 |a (RuTPU)RU\TPU\book\153065 
090 |a 141215 
100 |a 20080806d2005 k y0engy50 ba 
101 0 |a eng 
102 |a NL 
105 |a a z 001zy 
200 1 |a Complex Analysis  |f E. Freitag, R. Busam 
210 |a Dordrecht  |c Springer-Verlag  |d 2005 
215 |a 547 p.  |c il. 
320 |a Index: p. 535-547. 
610 1 |a математика 
610 1 |a комплексный анализ 
610 1 |a дифференциальные исчисления 
610 1 |a интегральные исчисления 
610 1 |a аналитические функции 
610 1 |a английский язык 
675 |a 517.53  |v 3 
700 1 |a Freitag  |b E.  |g Eberhard 
701 1 |a Busam  |b R.  |g Rolf 
801 1 |a RU  |b 63413507  |c 20080806  |g PSBO 
801 2 |a RU  |b 63413507  |c 20080910  |g PSBO 
942 |c BK